[Event "MVP-ch Seniors op 19th"]
[Site "Ostseebad Binz"]
[Date "2019.12.02"]
[Round "6"]
[White "Neffe, Guenther"]
[Black "Kluger, Hans Peter"]
[Result "0-1"]
[WhiteElo "1524"]
[BlackElo "1792"]
[PlyCount "86"]
[EventDate "2019.11.27"]
[EventType "swiss"]
[EventRounds "9"]
[EventCountry "GER"]
[SourceTitle "EXT 2021"]
[Source "ChessBase"]
[SourceDate "2020.10.23"]
[SourceVersion "1"]
[SourceVersionDate "2020.10.23"]
[SourceQuality "1"]

1. Nf3 d5 2. c4 Nf6 3. g3 c6 4. cxd5 Nxd5 5. Bg2 Bf5 6. d3 Nf6 7. Bd2 h6 8. Nc3 e6 9. a3 Bd6 10. Qc2 Nbd7 11. b4 Nb6 12. 0-0 0-0 13. Ne1 Bg6 14. e4 Qd7 15. Rd1 e5 16. Na4 Nxa4 17. Qxa4 Bc7 18. Bc3 Rfe8 19. Nc2 Qe6 20. f3 Reb8 21. Rd2 b5 22. Bh3 Qxh3 23. Qb3 Bb6+ 24. Rff2 Bxf2+ 25. Rxf2 Qd7 26. d4 exd4 27. Bxd4 a5 28. Rd2 Qe6 29. Qxe6 fxe6 30. Bc5 axb4 31. Bxb4 Rd8 32. Nd4 e5 33. Nxc6 Rxd2 34. Bxd2 Rxa3 35. Kf2 Nd7 36. g4 Kf7 37. h4 Ra2 38. Ke3 Kf6 39. Nb4 Rb2 40. Nd5+ Ke6 41. f4 Bf7 42. f5+ Kd6 43. Bb4+ Nc5 0-1

[Event "MVP-ch Seniors op 18th"]
[Site "Ostseebad Binz"]
[Date "2018.12.01"]
[Round "4"]
[White "Schmidt, Gerhard2222"]
[Black "Neffe, Guenther"]
[Result "1-0"]
[WhiteElo "1733"]
[BlackElo "1537"]
[PlyCount "53"]
[EventDate "2018.11.28"]
[EventType "swiss"]
[EventRounds "9"]
[EventCountry "GER"]
[SourceTitle "CBM 188 Extra"]
[Source "ChessBase"]
[SourceDate "2019.02.26"]
[SourceVersion "1"]
[SourceVersionDate "2019.02.26"]
[SourceQuality "1"]

1. e4 e6 2. d4 d5 3. e5 Nd7 4. Nf3 Be7 5. Bd3 c5 6. c3 a6 7. 0-0 b5 8. Nbd2 Bb7 9. Re1 Qb6 10. Nf1 cxd4 11. cxd4 Bb4 12. Bd2 Be7 13. Rc1 Rc8 14. Rxc8+ Bxc8 15. Qc2 Qb7 16. Rc1 Nb6 17. Bxh7 Nc4 18. Be1 Nh6 19. b3 Nb6 20. Bd3 0-0 21. Ng3 Rd8 22. Bd2 Bd7 23. Bxh6 gxh6 24. Qd2 Bf8 25. Nh5 Bg7 26. Nf6+ Kf8 27. Qb4# 1-0

[Event "MVP-ch Seniors op 18th"]
[Site "Ostseebad Binz"]
[Date "2018.11.29"]
[Round "2"]
[White "Husser, Oskar"]
[Black "Neffe, Guenther"]
[Result "1-0"]
[WhiteElo "1742"]
[BlackElo "1537"]
[PlyCount "80"]
[EventDate "2018.11.28"]
[EventType "swiss"]
[EventRounds "9"]
[EventCountry "GER"]
[SourceTitle "CBM 188 Extra"]
[Source "ChessBase"]
[SourceDate "2019.02.26"]
[SourceVersion "1"]
[SourceVersionDate "2019.02.26"]
[SourceQuality "1"]

1. c4 d6 2. Nc3 c5 3. g3 Bd7 4. Bg2 Bc6 5. Nf3 e6 6. d3 h6 7. 0-0 Be7 8. e4 e5 9. Nd5 Bxd5 10. cxd5 a6 11. a4 a5 12. Nd2 b6 13. Nc4 Na6 14. Bd2 Nf6 15. f4 Nd7 16. fxe5 Nxe5 17. Nxe5 dxe5 18. Qh5 Bf6 19. Bc3 Qd6 20. Bh3 Nc7 21. Rf2 g6 22. Qf3 Ke7 23. Bd2 Rag8 24. Raf1 Ne8 25. Qg4 Kf8 26. Qc8 Kg7 27. Qc6 Rf8 28. Qxd6 Nxd6 29. Rxf6 Rd8 30. Bc3 Rhe8 31. Bg2 Re7 32. h4 h5 33. Bd2 c4 34. Bg5 Red7 35. R6f3 Re8 36. dxc4 Nxe4 37. b3 Nd2 38. Bxd2 f5 39. Bc3 Kf6 40. Re3 Rde7 1-0

[Event "MVP-ch Seniors op 17th"]
[Site "Binz"]
[Date "2017.12.06"]
[Round "8.84"]
[White "Walther, Renate"]
[Black "Neffe, Guenther"]
[Result "0-1"]
[WhiteElo "1152"]
[BlackElo "1556"]
[PlyCount "21"]
[EventDate "2017.11.29"]
[EventType "swiss"]
[EventRounds "9"]
[EventCountry "GER"]
[SourceTitle "EXT 2019"]
[Source "ChessBase"]
[SourceDate "2018.10.10"]
[SourceVersion "1"]
[SourceVersionDate "2018.10.10"]
[SourceQuality "1"]

1. e4 Nc6 2. Nc3 e6 3. d4 Bb4 4. Nge2 d5 5. e5 a6 6. Bd2 Bxc3 7. Bxc3 b5 8. g3 Bb7 9. Bh3 f6 10. Bxe6 fxe5 11. Bxg8 0-1

[Event "WchT Seniors 65"]
[Site "Radebeul"]
[Date "2016.06.28"]
[Round "3.4"]
[White "Emerton, Keith"]
[Black "Neffe, Guenther"]
[Result "1-0"]
[WhiteElo "1789"]
[BlackElo "1606"]
[PlyCount "97"]
[EventDate "2016.06.26"]
[EventType "team-swiss"]
[EventRounds "9"]
[EventCountry "GER"]
[SourceTitle "CBM 173 Extra"]
[Source "ChessBase"]
[SourceDate "2016.08.29"]
[SourceVersion "1"]
[SourceVersionDate "2016.08.29"]
[SourceQuality "1"]
[WhiteTeam "England III"]
[BlackTeam "Dresden Seniors"]
[WhiteTeamCountry "ENG"]
[BlackTeamCountry "GER"]

1. Nf3 Nf6 2. g3 g6 3. Bg2 Bg7 4. d3 h6 5. e4 d6 6. 0-0 e5 7. c3 Bg4 8. h3 Bxf3 9. Bxf3 0-0 10. Bg2 c5 11. a4 Nc6 12. Be3 b6 13. Na3 a6 14. Qd2 Kh7 15. f4 Re8 16. Rae1 Ra7 17. f5 g5 18. g4 Ng8 19. Bf3 f6 20. Rf2 Nge7 21. Rh2 Rh8 22. Bd1 d5 23. Bb3 Na5 24. Ba2 dxe4 25. dxe4 Rd7 26. Qc2 Qc7 27. Rd1 Rxd1+ 28. Qxd1 Rd8 29. Rd2 Rxd2 30. Qxd2 Nac6 31. Bc4 a5 32. Be6 Qd8 33. Qxd8 Nxd8 34. Bd7 Bf8 35. Nc4 Nec6 36. Bxc6 Nxc6 37. Nxb6 Nd4 38. cxd4 cxd4 39. Bd2 Bc5 40. Nc4 d3+ 41. Kf1 Kg7 42. Nxa5 Kf7 43. Nb3 Ba7 44. Nc1 Ke7 45. b4 Kd7 46. Nxd3 Kc6 47. b5+ Kb6 48. Be3+ Kb7 49. Bxa7 1-0

[Event "WchT Seniors 65"]
[Site "Radebeul"]
[Date "2016.06.27"]
[Round "2.4"]
[White "Neffe, Guenther"]
[Black "O'Leary, Matt"]
[Result "0-1"]
[WhiteElo "1606"]
[BlackElo "1862"]
[PlyCount "104"]
[EventDate "2016.06.26"]
[EventType "team-swiss"]
[EventRounds "9"]
[EventCountry "GER"]
[SourceTitle "CBM 173 Extra"]
[Source "ChessBase"]
[SourceDate "2016.08.29"]
[SourceVersion "1"]
[SourceVersionDate "2016.08.29"]
[SourceQuality "1"]
[WhiteTeam "Dresden Seniors"]
[BlackTeam "Ireland"]
[WhiteTeamCountry "GER"]
[BlackTeamCountry "IRL"]

1. Nf3 Nf6 2. c4 c5 3. Nc3 Nc6 4. d3 d6 5. g3 g6 6. Bg2 Bg7 7. h3 0-0 8. Be3 a6 9. Qd2 Re8 10. 0-0 Rb8 11. Ng5 Bd7 12. Rab1 b5 13. cxb5 axb5 14. b3 Qc8 15. Kh2 h6 16. Nge4 Nxe4 17. Nxe4 f5 18. Nc3 Kh7 19. f4 b4 20. Nd1 Nd4 21. Nb2 Bc6 22. Bxc6 Qxc6 23. Nc4 Ra8 24. Bxd4 Bxd4 25. e3 Bc3 26. Qe2 Ra7 27. Rbc1 Rea8 28. Rc2 Qc7 29. Rf2 d5 30. Ne5 Bxe5 31. fxe5 Qxe5 32. d4 cxd4 33. exd4 Qxd4 34. Qd2 Qxd2 35. Rfxd2 e5 36. Rxd5 Rxa2 37. Rdc5 Rxc2+ 38. Rxc2 e4 39. Kg2 Kg7 40. Kf2 Ra3 41. Rb2 Kf6 42. Ke3 Ke5 43. h4 g5 44. hxg5 hxg5 45. Kf2 f4 46. g4 e3+ 47. Kf3 Kd4 48. Rb1 Ra2 49. Rd1+ Ke5 50. Rf1 Rf2+ 51. Rxf2 exf2 52. Kxf2 Kd4 0-1

[Event "MVP-ch Seniors op 13th"]
[Site "Binz"]
[Date "2013.12.02"]
[Round "6"]
[White "Worm, Alfred"]
[Black "Neffe, Guenther"]
[Result "1-0"]
[WhiteElo "1599"]
[BlackElo "1391"]
[PlyCount "37"]
[EventDate "2013.11.27"]
[EventType "swiss"]
[EventRounds "9"]
[EventCountry "GER"]
[SourceTitle "EXT 2015"]
[Source "ChessBase"]
[SourceDate "2014.11.20"]
[SourceVersion "1"]
[SourceVersionDate "2014.11.20"]
[SourceQuality "1"]

1. e4 e5 2. Nc3 Nf6 3. f4 Nc6 4. fxe5 Nxe5 5. d4 Ng6 6. e5 Ng8 7. Nf3 h6 8. Bd3 Bb4 9. 0-0 Bxc3 10. bxc3 N6e7 11. Bc4 c6 12. Bxf7+ Kxf7 13. Ng5+ Ke8 14. Nf7 Qa5 15. Nxh8 Qxc3 16. Qf3 Qxf3 17. Rxf3 b6 18. Ba3 Bb7 19. Raf1 1-0

[Event "MVP-ch Seniors op 13th"]
[Site "Binz"]
[Date "2013.11.28"]
[Round "2"]
[White "Minte, Horst"]
[Black "Neffe, Guenther"]
[Result "1-0"]
[WhiteElo "1641"]
[BlackElo "1391"]
[PlyCount "99"]
[EventDate "2013.11.27"]
[EventType "swiss"]
[EventRounds "9"]
[EventCountry "GER"]
[SourceTitle "EXT 2015"]
[Source "ChessBase"]
[SourceDate "2014.11.20"]
[SourceVersion "1"]
[SourceVersionDate "2014.11.20"]
[SourceQuality "1"]

1. e4 e6 2. d4 d5 3. exd5 Qxd5 4. Nf3 Nc6 5. a3 Nf6 6. c4 Qd8 7. Nc3 g6 8. Be2 Bg7 9. Bg5 h6 10. Be3 0-0 11. h3 Ne7 12. 0-0 b6 13. Nb5 a6 14. Nc3 Bb7 15. Rc1 Ne4 16. Qc2 Nxc3 17. bxc3 Nf5 18. Bf4 g5 19. Be5 Qe7 20. a4 f6 21. Bh2 Rac8 22. Rcd1 Rfd8 23. Rfe1 Nd6 24. Nd2 f5 25. Bh5 Ne4 26. Nf3 c5 27. Ne5 Bxe5 28. Bxe5 Nf6 29. Be2 Be4 30. Bd3 Nd7 31. Bxe4 Nxe5 32. Bxf5 exf5 33. Rxe5 Qd7 34. d5 Rf8 35. Rde1 Rce8 36. Qe2 Rxe5 37. Qxe5 Kf7 38. Re3 Re8 39. Qxe8+ Qxe8 40. Rxe8 Kxe8 41. Kf1 Kd7 42. Ke2 Kd6 43. Kd3 a5 44. Ke3 h5 45. f4 g4 46. hxg4 hxg4 47. Kf2 b5 48. cxb5 Kxd5 49. c4+ Kd6 50. Kg3 1-0

[Event "MVP-ch Seniors op 12th"]
[Site "Binz"]
[Date "2012.12.02"]
[Round "5"]
[White "Gottschalk, Juergen"]
[Black "Neffe, Guenther"]
[Result "1-0"]
[WhiteElo "1371"]
[BlackElo "1360"]
[PlyCount "73"]
[EventDate "2012.11.28"]
[EventType "swiss"]
[EventRounds "9"]
[EventCountry "GER"]
[SourceTitle "EXT 2014"]
[Source "ChessBase"]
[SourceDate "2013.11.20"]
[SourceVersion "1"]
[SourceVersionDate "2013.11.20"]
[SourceQuality "1"]

1. e4 e5 2. Nf3 Nc6 3. Bc4 d6 4. h3 Be7 5. Nc3 a6 6. d4 exd4 7. Nxd4 Ne5 8. Bd3 Nf6 9. f4 Nxd3+ 10. cxd3 c5 11. Nf3 Bd7 12. 0-0 Bc6 13. Qc2 Qb6 14. Kh2 h6 15. Be3 Rd8 16. Ne2 0-0 17. Ng3 d5 18. Nf5 Rfe8 19. Nxe7+ Rxe7 20. Bxc5 Qc7 21. e5 Nh5 22. Bxe7 Qxe7 23. Nd4 Nxf4 24. Nxc6 bxc6 25. Rae1 g5 26. d4 Qe6 27. Qc3 Rf8 28. Qg3 f6 29. Rxf4 fxe5 30. Rxf8+ Kxf8 31. Rxe5 Qf6 32. Qf3 Kg7 33. Qxf6+ Kxf6 34. b4 h5 35. Kg3 a5 36. a3 a4 37. h4 1-0

[Event "GER-ch Seniors"]
[Site "Dresden"]
[Date "2012.08.15"]
[Round "7"]
[White "Neffe, Guenther"]
[Black "Foerster, Jonas"]
[Result "1/2-1/2"]
[WhiteElo "1640"]
[BlackElo "1758"]
[PlyCount "35"]
[EventDate "2012.08.09"]
[EventType "swiss"]
[EventRounds "9"]
[EventCountry "GER"]
[SourceTitle "EXT 2014"]
[Source "ChessBase"]
[SourceDate "2013.11.20"]
[SourceVersion "1"]
[SourceVersionDate "2013.11.20"]
[SourceQuality "1"]

1. Nf3 d5 2. g3 Bf5 3. d3 h6 4. Bg2 e6 5. 0-0 Nf6 6. b3 Be7 7. Bb2 0-0 8. Nbd2 Nbd7 9. c4 c6 10. Nd4 Bh7 11. f4 Ng4 12. Rf3 e5 13. Nc2 Bc5+ 14. d4 Bxc2 15. Qxc2 exd4 16. Qd3 Ne3 17. Rc1 dxc4 18. Nxc4 1/2-1/2

[Event "GER-ch Seniors"]
[Site "Dresden"]
[Date "2012.08.09"]
[Round "1"]
[White "Kraemer, Franz Josef"]
[Black "Neffe, Guenther"]
[Result "1-0"]
[WhiteElo "1864"]
[BlackElo "1640"]
[PlyCount "60"]
[EventDate "2012.08.09"]
[EventType "swiss"]
[EventRounds "9"]
[EventCountry "GER"]
[SourceTitle "EXT 2014"]
[Source "ChessBase"]
[SourceDate "2013.11.20"]
[SourceVersion "1"]
[SourceVersionDate "2013.11.20"]
[SourceQuality "1"]

1. e4 e5 2. f4 Nc6 3. fxe5 Nxe5 4. Nf3 Nxf3+ 5. Qxf3 Bc5 6. Bc4 Qe7 7. Nc3 c6 8. Ne2 b5 9. Bb3 Nf6 10. d4 Bb6 11. e5 Ng8 12. 0-0 f6 13. exf6 Nxf6 14. Bg5 Rf8 15. Rae1 Kd8 16. c3 d5 17. Nf4 Qd6 18. Nh5 Bg4 19. Bxf6+ Rxf6 20. Qxg4 Rg6 21. Qh4+ Kc7 22. Re7+ Kb8 23. Re8+ Kb7 24. Rf7+ Bc7 25. Rxa8 Rxg2+ 26. Kxg2 Qg6+ 27. Ng3 Qxf7 28. Qh3 Kxa8 29. Qc8+ Bb8 30. Qxc6+ Qb7 1-0

[Event "MVP-ch Seniors op 11th"]
[Site "Binz"]
[Date "2011.12.08"]
[Round "9.70"]
[White "Strozewski, Guenter"]
[Black "Neffe, Guenther"]
[Result "1-0"]
[WhiteElo "1552"]
[BlackElo "1362"]
[PlyCount "81"]
[EventDate "2011.11.30"]
[EventType "swiss"]
[EventRounds "9"]
[EventCountry "GER"]
[SourceTitle "EXT 2013"]
[Source "ChessBase"]
[SourceDate "2012.11.22"]
[SourceVersion "1"]
[SourceVersionDate "2012.11.22"]
[SourceQuality "1"]

1. e4 Nc6 2. Nf3 e5 3. Bc4 h6 4. c3 d6 5. d4 Bg4 6. Qb3 Qd7 7. dxe5 Bxf3 8. gxf3 Nxe5 9. Be2 b6 10. Be3 Ne7 11. Nd2 c5 12. 0-0-0 Rc8 13. Nc4 N7g6 14. f4 Nxc4 15. Bxc4 Ne7 16. Bxf7+ Kd8 17. Be6 Qc6 18. Bxc8 Nxc8 19. Qe6 Qd7 20. Qb3 Kc7 21. e5 b5 22. exd6+ Bxd6 23. Rhg1 c4 24. Qc2 Ne7 25. Rxg7 a5 26. Qe4 Re8 27. Qd4 Qc6 28. Qa7+ Kd8 29. Qxa5+ Kc8 30. Qb6 Bc7 31. Qxc6 Nxc6 32. Rg6 Ne7 33. Rxh6 Nf5 34. Rf6 Nxe3 35. fxe3 Rxe3 36. Rf8+ Kb7 37. Rd7 Kc6 38. Rh7 Re1+ 39. Kd2 Rf1 40. Rf6+ Kb7 41. Rff7 1-0

[Event "MVP-ch Seniors op 11th"]
[Site "Binz"]
[Date "2011.11.30"]
[Round "1.72"]
[White "Neffe, Guenther"]
[Black "Reinke, Kurt"]
[Result "0-1"]
[WhiteElo "1362"]
[BlackElo "1801"]
[PlyCount "87"]
[EventDate "2011.11.30"]
[EventType "swiss"]
[EventRounds "9"]
[EventCountry "GER"]
[SourceTitle "EXT 2013"]
[Source "ChessBase"]
[SourceDate "2012.11.22"]
[SourceVersion "1"]
[SourceVersionDate "2012.11.22"]
[SourceQuality "1"]

1. Nf3 d5 2. g3 Nd7 3. d4 Ngf6 4. Bg2 c5 5. 0-0 cxd4 6. Nxd4 e5 7. Nb3 Nb6 8. N1d2 Be7 9. Nf3 Qc7 10. c3 0-0 11. Bg5 h6 12. Bxf6 Bxf6 13. Ne1 Be6 14. Nd2 e4 15. e3 Bd7 16. Nc2 Ba4 17. Rc1 Bb5 18. Re1 Na4 19. Rb1 Bd3 20. Bf1 Nc5 21. Bxd3 Nxd3 22. Rf1 Qa5 23. a3 Rfd8 24. Nb3 Qc7 25. Nbd4 Qd7 26. Qh5 Bg5 27. f4 g6 28. Qe2 Bf6 29. Qg2 a5 30. g4 Bg7 31. f5 Be5 32. Qh3 Kh7 33. Qg2 Qe7 34. fxg6+ fxg6 35. Qh3 Rf8 36. Nf5 gxf5 37. Rxf5 Rxf5 38. gxf5 Rg8+ 39. Kf1 Qg5 40. Ne1 Qg1+ 41. Ke2 Qf2+ 42. Kd1 Qxe1+ 43. Kc2 Qe2+ 44. Kb3 0-1